|
|
|
|
| LEADER |
00000cam a2200000 7i4500 |
| 001 |
0000001095 |
| 005 |
20131222.0 |
| 020 |
0 |
0 |
|a 9679933423
|
| 090 |
0 |
0 |
|a 354.595
|b CIT 1996
|
| 245 |
0 |
0 |
|a CITRA karya :
|b Falsafah, nilai dan etika dalam perkhidmatan awam
|
| 260 |
0 |
0 |
|a Kuala Lumpur :
|b Institut Tadbiran Awam Negara (INTAN) ,
|c 1994, (1996)
|
| 300 |
|
|
|a xiv, 149 p. :
|b ili. ;
|c 27 cm.
|
| 500 |
0 |
0 |
|a Bibliography : [p. 147-148]
|
| 650 |
0 |
0 |
|a Civil service ethics
|z Malaysia
|
| 650 |
0 |
0 |
|a Civil service
|z Malaysia
|
| 998 |
|
|
|a JPSM
|
| 999 |
|
|
|a 0000002354
|b Monograph
|c Open Shelf
|e Default branch
|
| 999 |
|
|
|a 0000004715
|b Monograph
|c Open Shelf
|e Default branch
|
| 999 |
|
|
|a 0000004716
|b Monograph
|c Open Shelf
|e Default branch
|
| 999 |
|
|
|a 0000005641
|b Monograph
|c Open Shelf
|e Default branch
|